LEADER 05482nam 2200757 450 001 9910788815103321 005 20230807210958.0 010 $a3-11-038203-2 010 $a3-11-031571-8 024 7 $a10.1515/9783110315714 035 $a(CKB)3360000000515022 035 $a(EBL)4006791 035 $a(SSID)ssj0001457449 035 $a(PQKBManifestationID)12558511 035 $a(PQKBTitleCode)TC0001457449 035 $a(PQKBWorkID)11440985 035 $a(PQKB)10017670 035 $a(MiAaPQ)EBC4006791 035 $a(DE-B1597)209344 035 $a(OCoLC)951149295 035 $a(DE-B1597)9783110315714 035 $a(Au-PeEL)EBL4006791 035 $a(CaPaEBR)ebr11116708 035 $a(CaONFJC)MIL838173 035 $a(OCoLC)923336983 035 $a(EXLCZ)993360000000515022 100 $a20151120h20152015 uy 0 101 0 $aeng 135 $aurnnu---|u||u 181 $ctxt 182 $cc 183 $acr 200 00$aEvil and death $econceptions of the human in biblical, early Jewish, early Christian, Greco-Roman and Egyptian literature /$fBeate Ego, Ulrike Mittmann, editors 210 1$aBerlin, [Germany] ;$aBoston, [Massachusetts] :$cDe Gruyter,$d2015. 210 4$d©2015 215 $a1 online resource (436 p.) 225 1 $aDeuterocanonical and Cognate Literature Studies,$x1865-1666 ;$vVolume 18 300 $aDescription based upon print version of record. 311 $a3-11-055921-8 311 $a3-11-031551-3 320 $aIncludes bibliographical references and indexes. 327 $tFront matter --$tForeword --$tContents --$tDas Böse und der Tod in der Paradieserzählung ? Biblische und auslegungsgeschichtliche Aspekte --$tAn des Todes Pforten weise werden ? Überlegungen im Anschluss an Psalm 107 --$tCurse God and Die ? Job?s Wife and the Struggle for Job?s Transformation --$tEvil and Death in the Book of Qohelet --$tDifferent Approaches to Evil and Death in the Ethics of the Non-Canonical Jewish Writings --$tDas Bild des Menschen im Wandel ? Die Rezeption von Genesis 1?3 in Sapientia Salomonis 1 und 2 --$tHuman Experience and the Problem of Theodicy in 4 Maccabees --$tThe Post-mortem Divisions of the Dead in 1 Enoch 22:1?13 --$t?Dem Tode verfallen war ich wegen meiner Sünden? (11QPsa XIX,1?18) --$tThe Child, Death and the Human in Mark?s Gospel --$tReversal of Fate after Death? --$tDeath and Cultus as Constitutive of the Human in the Epistle to the Hebrews --$tTrauer und Tod in der 2. Sophistik am Beispiel des Lukian von Samosata --$tPrivatdeifikationen in der römischen Kaiserzeit ? Tod, Trauer und Memoria --$tTod auf der Latrine? Zum Ende von Caracalla und Elagabal --$tDer Religionsstifter Numa im Gespräch mit Jupiter --$tNarrating Meleager?s Deeds and Death in Words and Images --$t?Sage nicht: ?Der Frevler gegen Gott lebt heute?; auf das Ende sollst du achten!? --$tIndex of Names and Subjects (German) --$tIndex of Names and Subjects (English) --$tBible Citation Index 330 $aDie anthropologischen Konzeptionen im Judentum der hellenistisch-römischen Zeit bilden ein wichtiges Bindeglied zwischen den entsprechenden Traditionen der älteren Texte der Hebräischen Bibel und denjenigen des Neuen Testaments sowie der rabbinischen Überlieferungen. Sie als einen konstitutiven Faktor religiöser Identität wahrzunehmen, ist für die religionsgeschichtliche Erforschung des antiken Judentums wie auch für eine an Traditionslinien orientierte Biblische Theologie unabdingbar. Trotz zahlreicher Forschungen zur Antropologie der biblischen Überlieferungen im Alten und Neuen Testament bzw. zu den anthropologischen Konzepten ihrer Nachbarkulturen stellt eine Aufarbeitung dieser Thematik aber ein Forschungsdesiderat dar. Vor diesem Hintergrund versammelt dieser Band 20 einschlägige Aufsätze international bekannter Wissenschaftler zum Thema ?Sünde und Tod? . Ein besonderer Schwerpunkt liegt dabei auf der Einbeziehung des Materials aus den benachbarten Kulturen, wobei auch ägyptische Quellen zu Wort kommen. Der Band bietet so exemplarisch wichtige Grundlagen für die weitere Erforschung der antik-jüdischen Anthropologie in ihren kulturellen Bezügen. 330 $aJewish anthropological beliefs during the Hellenistic-Roman period are an important but previously neglected area of biblical exegesis and Jewish studies. In an effort to address this deficiency, this volume brings together 20 essays related to the subject of sin and death, with special emphasis on integrating material from neighboring cultures. Thus, the volume provides an exemplary foundation for further research on ancient Jewish anthropology. 410 0$aDeuterocanonical and cognate literature studies ;$vVolume 18. 606 $aGood and evil$xBiblical teaching 606 $aDeath$xBiblical teaching 606 $aGreek literature, Hellenistic$xHistory and criticism 610 $aSin. 610 $aanthropology. 610 $adeath. 610 $ahamartology. 615 0$aGood and evil$xBiblical teaching. 615 0$aDeath$xBiblical teaching. 615 0$aGreek literature, Hellenistic$xHistory and criticism. 676 $a128/.5093 686 $aBC 7820$2rvk 702 $aEgo$b Beate 702 $aMittmann$b Ulrike 801 0$bMiAaPQ 801 1$bMiAaPQ 801 2$bMiAaPQ 906 $aBOOK 912 $a9910788815103321 996 $aEvil and death$93787151 997 $aUNINA LEADER 02587nam 2200577 a 450 001 9910779596303321 005 20230725055904.0 010 $a1-86189-959-9 010 $a1-299-19079-0 035 $a(CKB)2550000001005980 035 $a(EBL)1127621 035 $a(SSID)ssj0000906196 035 $a(PQKBManifestationID)12422800 035 $a(PQKBTitleCode)TC0000906196 035 $a(PQKBWorkID)10930567 035 $a(PQKB)11418411 035 $a(MiAaPQ)EBC1127621 035 $a(Au-PeEL)EBL1127621 035 $a(CaPaEBR)ebr10660883 035 $a(CaONFJC)MIL450329 035 $a(OCoLC)854970475 035 $a(EXLCZ)992550000001005980 100 $a20130222d2011 uy 0 101 0 $aeng 135 $aur|n|---||||| 181 $ctxt 182 $cc 183 $acr 200 10$aArt forgery$b[electronic resource] $ethe history of a modern obsession /$fThierry Lenain 210 $aLondon $cReaktion Books$d2011 215 $a1 online resource (386 p.) 300 $aDescription based upon print version of record. 311 $a1-86189-850-9 320 $aIncludes bibliographical references and index. 327 $aArt Forgery: The History of a Modern Obsession; Imprint page; Contents; Foreword; 1. The Symptoms of an Obsession; 2. Before the Age of Art Forgery; 3. Before the Age of the Obsession with Art Forgery; 4. Art Forgery as the Connoisseur's Nightmare; Conclusion: Fakes and the End of the World; References; Bibliography; Acknowledgements; Photo Acknowledgements; Index 330 $aWith the recent advent of technologies that make detecting art forgeries easier, the art world has become increasingly obsessed with verifying and ensuring artistic authenticity. In this unique history, Thierry Lenain examines the genealogy of faking and interrogates the anxious, often neurotic, reactions triggered in the modern art world by these clever frauds. Lenain begins his history in the Middle Ages, when the issue of false relics and miracles often arose. But during this time, if a relic gave rise to a cult, it would be considered as genuine even if 606 $aArt$xForgeries$xHistory 606 $aPictures$xCopying$xHistory 606 $aArt$xExpertising 615 0$aArt$xForgeries$xHistory. 615 0$aPictures$xCopying$xHistory. 615 0$aArt$xExpertising. 676 $a702.874 700 $aLenain$b Thierry$01203991 801 0$bMiAaPQ 801 1$bMiAaPQ 801 2$bMiAaPQ 906 $aBOOK 912 $a9910779596303321 996 $aArt forgery$93804931 997 $aUNINA